MARC

LEADER 00000nam0a2200000 4500
001 96057
005 20231031110345.0
035 |a (RuTPU)RU\TPU\book\102829 
090 |a 96057 
100 |a 20060506d1961 m y0rusy50 ca 
101 0 |a rus 
102 |a RU 
105 |a a z 001zy 
200 1 |a Циклическая прочность металлов  |f С. Ф. Медведев 
210 |a Москва  |c Машгиз  |d 1961 
215 |a 295 с.  |c ил. 
320 |a Библиогр.: с. 296-301 
610 1 |a металлы 
610 1 |a прочность 
610 1 |a циклическая прочность 
610 1 |a усталость 
610 1 |a разрушение 
610 1 |a сталь 
610 1 |a механическая прочность 
675 |a 621.7м01:539.4  |v 3 
700 1 |a Медведев  |b С. Ф.  |g Сергей Федорович 
801 1 |a RU  |b 63413507  |c 20060506  |g PSBO 
801 2 |a RU  |b 63413507  |c 20070519  |g PSBO 
942 |c BK